| 000 | 00505nam a22001817a 4500 | ||
|---|---|---|---|
| 999 |
_c192199 _d192199 |
||
| 005 | 20220913153628.0 | ||
| 010 | _aENG-135034 | ||
| 020 |
_a9788128830433 _c150.00 |
||
| 035 | _aEN-118566 | ||
| 037 | _bDBAD/PUB | ||
| 082 | _aN | ||
| 100 | _aChand, Sumer | ||
| 245 |
_aAnti social/ _cby Sumer Chand |
||
| 260 |
_aNew Delhi _bDiamond pocket books _c2011 |
||
| 270 |
_aX-30, Okhla industrial area, phase-II _bNew delhi _e110020 _msales@dpb.in |
||
| 300 |
_a344 p. _c20cm (Pbk) |
||
| 942 |
_2ddc _cEN _hN _mCHA |
||